000 01108nam a22002777a 4500
005 20240530110909.0
008 220214s2009 ua g 000 0 ara d
017 _bمصر. دار الكتب
040 _aEG-CaGPL
_cEG-CaGPL
082 0 4 _221
_a327.16 /
_bب ا
100 1 _aسومانترا ، بوز
245 1 0 _aاراض متنازع عليها :
_bاسرائيل - فلسطين - كشمير- البوسنة - قبرص - سريلانكا /
_cسومانترا ، بوز ؛ ترجمة اياد احمد ، حسان البستانى
250 _aط. 1
260 _aبيروت :
_bالدار العربية للعلوم ناشرون،
_c2009
300 _a326 ص. ؛
_c24 سم
650 0 7 _2qrmak
_aالصراع العربى الاسرائيليى
651 0 7 _2qrmak
_aسريلانكا
651 0 7 _aقبرص
_2qrmak
651 0 7 _aالبوسنة
_2qrmak
651 0 7 _aكشمير
_2qrmak
651 0 7 _aفلسطين
_2qrmak
700 0 _aاياد احمد
_eمترجم
700 0 _aحسان البستانى
_eمترجم
942 _2ddc
_cBK
999 _c66264
_d66264